One Direction lyrics - Statistics

General Stats
  • This quiz has been taken 850 times
  • The average score is 8 of 15
Answer Stats
Hint Answer % Correct
"We're only gettin' older, baby" Night changes
95%
"Don't need makeup to cover up" What makes you beautiful
90%
"Do you remember summer 09" Rock me
79%
"I wanna tell the world that you're mine girl" They don't know about us
61%
"You keep making me weak" One thing
59%
"Lately I found myself thinking" I would
56%
"If tomorrow you won't be mine" Love you goodbye
53%
"Thought we were going strong" History
53%
"Hey girl, it's now or never" Live while we're young
42%
"Right now I'm completely defenseless" If I could fly
39%
"And the tears stream down my face" Moments
37%
"I just can't get enough of you" No control
36%
"Don't be scared, I ain't going no where" Gotta be you
30%
"But love is never ever simple, no" Clouds
28%
"Now you were standing there right in front of me" Dont let me go
6%
No matching quizzes found
Score Distribution
Percent of People with Each Score
Percentile by Number Answered
Your Score History
You have not taken this quiz